ბათუმის შოთა რუსთაველის სახელმწიფო უნივერსიტეტის ბიბლიოთეკა

საქართველოს სახელმწიფო დროშები და გერბები / (ბიბ.ჩანაწერი № 56160)

000 -ლიდერი
ფიქსირებული სიგრძის საკონტროლო ველი 01327nam a2200241Ia 4500
001 - საკონტროლო ნომერი
საკონტროლო ველი 23261
003 - საკონტროლო ნომრის იდენტიფიკატორი
საკონტროლო ველი GE_BSU
005 - ბოლო ოპერაციის თარიღი და დრო
საკონტროლო ველი 20230504164830.0
008 - ფიქსირებული სიგრძის მონაცემთა ელემენტები - ზოგადი ინფორმაცია
ფიქსირებული სიგრძის საკონტროლო ველი 181216s1990||||ge |||||||||||||| ||geo||
040 ## - კატალოგიზაციის წყარო
Transcribing agency GE_BSU
041 ## - ენის კოდი
Language code of text/sound track or separate title geo
080 ## - უნივერსალური ათობითი კლასიფიკაციის ინდექსი
Universal Decimal Classification number 929.6(479.22) +342.228(479.22) გ-20
100 ## - მთავარი ჩანაწერი - პიროვნების სახელი
Personal name გამსახურდია, სვიმონ
9 (RLIN) 17968
245 ## - ცნობა სათაურის შესახებ
Title საქართველოს სახელმწიფო დროშები და გერბები /
Statement of responsibility, etc სვიმონ გამსახურდია, ნოდარ შოშიაშვილი, ზაზა ხიდურელი; რედ. დავით მუსხელიშვილი.
264 ## - წარმოების, გამოცემის, დისტრიბუციის და სხვა ცნობები
გამოცემის, წარმოების, დისტრიბუციის... ადგილი თბილისი
გამოცემის, წარმოების, დისტრიბუციის... სახელწოდება მერანი,
გამოცემის, წარმოების, დისტრიბუციის... თარიღი 1990
300 ## - ფიზიკური აღწერა
Extent 38 გვ. :
Other physical details 12ფ.ილ. ;
Dimensions 16 სმ.
653 ## - INDEX TERM--UNCONTROLLED
Uncontrolled term საქართველოს სახელმწიფო დროშები
653 ## - INDEX TERM--UNCONTROLLED
Uncontrolled term საქართველოს სახელმწიფო გერბები
700 ## - ADDED ENTRY--PERSONAL NAME
Personal name შოშიაშვილი, ნოდარ
Relator term ავტორი
9 (RLIN) 17969
700 ## - ADDED ENTRY--PERSONAL NAME
Personal name ხიდურელი, ზაზა
Relator term ავტორი
9 (RLIN) 17970
700 ## - ADDED ENTRY--PERSONAL NAME
Personal name მუსხელიშვილი, დავით
Relator term რედაქტორი
9 (RLIN) 17971
942 ## - ADDED ENTRY ELEMENTS (KOHA)
Koha item type წიგნი
Source of classification or shelving scheme
ეგზემპლარები
ჩამოწერის სტატუსი დაკარგული ეგზემპლარის სტატუსი კლასიფიკაციის წყარო ან თაროზე გაწყობის სქემა დაზიანების სტატუსი არ გაიცემა მუდმივი მდებარეობა (დაცვის ადგილი) ამჟამინდელი ადგილსამყოფელი თაროზე განთავსების ადგილი შეძენის თარიღი ღირებულება, შესყიდვის ნორმალური ფასი სრული შენახვის შიფრი შტრიხკოდი ბოლო ოპერაციის თარიღი ეგზემპლარის მიმდევრობითი ნომერი (კეტერი?) ფასის ძალაში შესვლის თარიღი ეგზემპლარის სახეობა საჯარო შენიშვნა
          ბათუმის შოთა რუსთაველის სახელმწიფო უნივერსიტეტის მთავარი ბიბლიოთეკა ბათუმის შოთა რუსთაველის სახელმწიფო უნივერსიტეტის მთავარი ბიბლიოთეკა წიგნსაცავი 2018-12-17 5.80 929.6(479.22) +342.228(479.22) გ-20 28269 2018-12-17 28269 2018-12-17 წიგნი 5 ლ. 80 თ.